MDQL
is popping MORE tags! Check the
thread
!
Quizzes
Events
Quiz Creation
Community
Videos
Private Events
Remove Ads
Sign In
Join for FREE
Feedback
Dark Mode
Quiz Categories
Sports
Geography
Music
Movies
Television
Just For Fun
Miscellaneous
History
Literature
Language
Science
Gaming
Entertainment
Religion
Holiday
For Kids
Quiz Lab
Recent
Popular Today
Quiz Kudos Today
Editor Picks
Curator Picks
Quizzes by...
Day
Popularity
Type
Ratings
Length
Year
Community
Subscriptions
Recent Discussions
Orange Saloon
Badges
Playlists
Quests
Create
Leaderboards
Showdown
Live 5
Trivia Bingo
Activity
Puzzle Library
Sporcle Events
Private Events
Virtual Trivia
Globe League
Become a Host
Pub Owners
SporcleCon
Opinionation
Our Games
Videos
Blog
Mobile Apps
Partnerships
Remove Ads and Go Orange
Feedback
Sports
Athletes
MLB
NBA
NHL
NFL
Soccer
Sports Teams
WWE
NCAA
Football
Premier League
Basketball
Baseball
Hockey
Golf
Tennis
Cricket
Rugby
Auto Racing
Olympics
World Cup
Sports
Athletes
MLB
NBA
NHL
NFL
Soccer
Sports Teams
WWE
NCAA
Football
Premier League
Basketball
Baseball
Hockey
Golf
Tennis
Cricket
Rugby
Auto Racing
Olympics
World Cup
Random Quiz
Search Sporcle
×
Quiz Lab
Quiz Lab
Sports
WWE
Type in answers that appear in a list
Type in answers that appear in a list
Classic
Best Score? Go Orange.
WWE PPV Matches of 2016 Part 1 Stats
Can you name the WWE PPV Matches of 2016?
By
svenmetenstra94
10m
178 Questions
666 Plays
666 Plays
666 Plays
Comments
Comments
Give Quiz Kudos
Give Quiz Kudos
-
- Ratings
hide this ad
Replay
Link that replays current quiz
Next Quiz
Link to next quiz in quiz playlist
You Got
0%
They Got
Avg Score
93%
Avg Friend Score
Upgrade to see
Score Distribution
Jump to the score distribution portion of the page
Score
0/178
Timer
10:00
0
Plays Today
Event
Superstar
% Correct
Royal Rumble
Dean Ambrose
98.9%
Royal Rumble
Dean Ambrose
98.9%
Fastlane
Dean Ambrose
98.9%
WrestleMania 32
Dean Ambrose
98.9%
Payback
Dean Ambrose
98.9%
Extreme Rules
Dean Ambrose
98.9%
Money In The Bank
Dean Ambrose
98.9%
Money In The Bank
Dean Ambrose
98.9%
Battleground
Dean Ambrose
98.9%
Summerslam
Dean Ambrose
98.9%
Royal Rumble
Kevin Owens
98%
Fastlane
Kevin Owens
98%
WrestleMania 32
Kevin Owens
98%
Payback
Kevin Owens
98%
Extreme Rules
Kevin Owens
98%
Money In The Bank
Kevin Owens
98%
Battleground
Kevin Owens
98%
Summerslam
Kevin Owens
98%
Fastlane
Roman Reigns
97.6%
WrestleMania 32
Roman Reigns
97.6%
Payback
Roman Reigns
97.6%
Extreme Rules
Roman Reigns
97.6%
Money In The Bank
Roman Reigns
97.6%
Battleground
Roman Reigns
97.6%
Royal Rumble
Kofi Kingston
97.4%
WrestleMania 32
Kofi Kingston
97.4%
Money In The Bank
Kofi Kingston
97.4%
Battleground
Kofi Kingston
97.4%
Summerslam
Kofi Kingston
97.4%
Royal Rumble
Big E
97.1%
WrestleMania 32
Big E
97.1%
Extreme Rules
Big E
97.1%
Money In The Bank
Big E
97.1%
Battleground
Big E
97.1%
Royal Rumble
Triple H
97%
WrestleMania 32
Triple H
97%
Royal Rumble
Becky Lynch
96.7%
Fastlane
Becky Lynch
96.7%
WrestleMania 32
Xavier Woods
96.7%
WrestleMania 32
Becky Lynch
96.7%
Extreme Rules
Xavier Woods
96.7%
Money In The Bank
Becky Lynch
96.7%
Battleground
Xavier Woods
96.7%
Battleground
Becky Lynch
96.7%
Summerslam
Xavier Woods
96.7%
Summerslam
Becky Lynch
96.7%
Fastlane
Sasha Banks
96.5%
WrestleMania 32
Sasha Banks
96.5%
Battleground
Sasha Banks
96.5%
Summerslam
Sasha Banks
96.5%
Money In The Bank
Seth Rollins
96.4%
Money In The Bank
Seth Rollins
96.4%
Battleground
Seth Rollins
96.4%
Summerslam
Seth Rollins
96.4%
Royal Rumble
Charlotte
96.1%
Fastlane
Dolph Ziggler
96.1%
Fastlane
Charlotte
96.1%
WrestleMania 32
Dolph Ziggler
96.1%
WrestleMania 32
Charlotte
96.1%
Payback
Charlotte
96.1%
Event
Superstar
% Correct
Extreme Rules
Charlotte
96.1%
Money In The Bank
Dolph Ziggler
96.1%
Money In The Bank
Charlotte
96.1%
Battleground
Charlotte
96.1%
Summerslam
Charlotte
96.1%
Summerslam
Dolph Ziggler
96.1%
Fastlane
AJ Styles
95.6%
WrestleMania 32
The Miz
95.6%
WrestleMania 32
AJ Styles
95.6%
Payback
The Miz
95.6%
Payback
AJ Styles
95.6%
Extreme Rules
The Miz
95.6%
Extreme Rules
AJ Styles
95.6%
Money In The Bank
AJ Styles
95.6%
Money In The Bank
John Cena
95.6%
Battleground
The Miz
95.6%
Battleground
John Cena
95.6%
Battleground
AJ Styles
95.6%
Summerslam
The Miz
95.6%
Summerslam
AJ Styles
95.6%
Summerslam
John Cena
95.6%
Royal Rumble
Alberto Del Rio
95.3%
Fastlane
Chris Jericho
95.3%
WrestleMania 32
Chris Jericho
95.3%
WrestleMania 32
Alberto Del Rio
95.3%
Payback
Chris Jericho
95.3%
Extreme Rules
Chris Jericho
95.3%
Money In The Bank
Chris Jericho
95.3%
Money In The Bank
Alberto Del Rio
95.3%
Summerslam
Chris Jericho
95.3%
Fastlane
Brock Lesnar
95.2%
WrestleMania 32
Brock Lesnar
95.2%
Summerslam
Brock Lesnar
95.2%
WrestleMania 32
Rusev
94.9%
Extreme Rules
Rusev
94.9%
Money In The Bank
Rusev
94.9%
Battleground
Rusev
94.9%
WrestleMania 32
Sheamus
94.4%
Money In The Bank
Sheamus
94.4%
Fastlane
Erick Rowan
94.1%
WrestleMania 32
Sami Zayn
94.1%
WrestleMania 32
Erick Rowan
94.1%
Payback
Sami Zayn
94.1%
Extreme Rules
Sami Zayn
94.1%
Money In The Bank
Sami Zayn
94.1%
Battleground
Erick Rowan
94.1%
Battleground
Sami Zayn
94.1%
Fastlane
Luke Harper
93.8%
WrestleMania 32
The Undertaker
93.7%
Battleground
Bray Wyatt
93.7%
Summerslam
Nikki Bella
93.7%
Royal Rumble
Jey Uso
93.2%
Royal Rumble
Jimmy Uso
93.2%
Fastlane
Brie Bella
93.2%
Extreme Rules
Jimmy Uso
93.2%
Extreme Rules
Jey Uso
93.2%
Royal Rumble
Kalisto
93.1%
Extreme Rules
Kalisto
93.1%
Payback
Cesaro
92.9%
Extreme Rules
Cesaro
92.9%
Event
Superstar
% Correct
Money In The Bank
Cesaro
92.9%
Fastlane
Braun Strowman
92.5%
Battleground
Braun Strowman
92.5%
Payback
Natalya
92.3%
Extreme Rules
Karl Anderson
92.3%
Extreme Rules
Natalya
92.3%
Money In The Bank
Karl Anderson
92.3%
Money In The Bank
Natalya
92.3%
Battleground
Natalya
92.3%
Battleground
Karl Anderson
92.3%
Summerslam
Karl Anderson
92.3%
Summerslam
Natalya
92.3%
WrestleMania 32
Zack Ryder
92%
Extreme Rules
Luke Gallows
92%
Money In The Bank
Luke Gallows
92%
Battleground
Zack Ryder
92%
Battleground
Luke Gallows
92%
Summerslam
Luke Gallows
92%
WrestleMania 32
Shane McMahon
91.6%
Summerslam
Randy Orton
91.4%
WrestleMania 32
Baron Corbin
91.3%
Money In The Bank
Baron Corbin
91.3%
Fastlane
Kane
90.8%
WrestleMania 32
Kane
90.8%
Payback
Big Cass
90.4%
Money In The Bank
Big Cass
90.4%
Battleground
Big Cass
90.4%
Summerslam
Big Cass
90.4%
Payback
Enzo Amore
90.1%
Money In The Bank
Enzo Amore
90.1%
Battleground
Enzo Amore
90.1%
Summerslam
Enzo Amore
90.1%
Summerslam
Finn Bálor
89.6%
Fastlane
Naomi
89.5%
Summerslam
Naomi
89.5%
Fastlane
Big Show
87.8%
Battleground
Bayley
87.7%
WrestleMania 32
Stardust
86.2%
Summerslam
Alexa Bliss
86%
WrestleMania 32
The Rock
84.8%
WrestleMania 32
Sin Cara
84.7%
Fastlane
Ryback
83.8%
Summerslam
Carmella
83%
Money In The Bank
Dana Brooke
82.4%
Battleground
Dana Brooke
82.4%
Fastlane
Tamina Snuka
80.5%
Money In The Bank
Apollo Crews
79.7%
Summerslam
Apollo Crews
79.7%
Payback
Simon Gotch
79.5%
Payback
Aiden English
79.5%
Extreme Rules
Simon Gotch
79.5%
Extreme Rules
Aiden English
79.5%
Money In The Bank
Aiden English
79.5%
Money In The Bank
Simon Gotch
79.5%
Money In The Bank
Titus O'Neil
76.7%
Battleground
Darren Young
76.1%
Fastlane
R-Truth
66.6%
Fastlane
Curtis Axel
56.1%
Quiz Playlist
Details
Report
Send in Message
Add To Playlist
Classic:
Type in answers that appear in a list
Last Updated: Feb 16, 2017
Quiz Scoreboard
CHALLENGE
Sign Up to Join the Scoreboard
Show All
Scores
Hide
Comments
May contain spoilers
Recently Published
1-10 Letter E Words III
by El_Dandy
Language
2m
Street Fighter Characters
by Artimus82
Gaming
60s
College Basketball Coaching Resumes
by pancakes188
Sports
9m
More to Explore
Quiz From the Vault
Featured Blog Post
Where Did the Easter Bunny Come From?
hide this ad
You Might Also Like...
Tags
WWE Quiz
2016
Matching
PPV
PPV Event
PPV Matches
Pro Wrestling
Superstar
Wrestling
Wrestling Superstar
Today's Top Quizzes in Sports
Browse Sports
hide this ad
Today's Top Quizzes in WWE
Browse WWE
Top Contributed Quizzes in Sports
1
2022 World Cup Stars
2
Les meilleurs buteurs des matchs entre le PSG et l’OM
3
FIFA Club World Cup Champions
4
Les entraîneurs de l'OM et du PSG au 21e siècle
5
Criteria MLB: Left Handed Sluggers
6
2023 MLB Unique Player Accomplishments
7
AFC Teams Reveal (Wrong Answers Minefield)
8
Players with Multiple 50 Home Run Seasons
9
5-to-1: FBS Animal Nicknames
10
5-to-1: UK Sports Teams
Explore More
Trending Topics
Kpop
Disney
Crossword
Anime
Harry Potter
NBA
Marvel
WWE
Puzzle
NFL
Pokémon
Country
Soccer
The Office
Song
hide this ad
More By:
svenmetenstra94
Quiz
Plays
Rating
Category
Featured
Created
WWE PPV Opponents of Brock Lesnar
141,261
4.50
Sports
Apr 8, 2012
WWE PPV Opponents of Roman Reigns
31,799
4.54
Sports
Oct 28, 2013
WWE PPV Opponents of Seth Rollins
28,268
4.68
Sports
Oct 28, 2013
WWE PPV Opponents of CM Punk
27,144
4.61
Sports
Nov 9, 2011
WWE PPV Opponents of Daniel Bryan
23,871
4.19
Sports
Oct 25, 2011
Go to Creator's Profile
Score Distribution
Quiz Creator Spotlight
svenmetenstra94
Follow
Send a Message
Quizzes Created
-
Created Quiz Play Count
-
More By This Creator
Popular Quizzes Today
1
Find the US States - No Outlines Minefield
2
Find the Countries of Europe - No Outlines Minefield
3
The Countries of the World
4
Find the US States
5
Risky Map Clicking: Biggest States A-Z
6
US States
7
Popular People in 1961
8
Movies - When Are They Set?
More Sports Quizzes
It's a Stretch: NFL Teams
Curator's Pick
Trending Quizzes
Risky Map Clicking: Least Populous States A-Z
Billboard Blitz: Aretha Franklin
Famous Russians: Author or Composer?
1-10 Letter G Words
Countries of the World: 200 Million BC
Recently Updated
Leaping Animals
pecheneg
Reality TV Shows (A-Z)
bhenderson79
Rickey Henderson's Hall of Fame Teammates
pecheneg
Champions League XIs: Arsenal
pecheneg
Quick Pick: Celebrities in WWE's Hall of Fame
aduchscher
A-Z Keypad Blitz II
pecheneg
Multiple Oscar Actors
pecheneg
Mystery Phrase Blitz: Oscar 'Best Actors'
pecheneg
F. Scott Fitzgerald Novels
LTH
Pick 3 Villains
ddd62291
Trending Topics
NBA
Marvel
Kpop
Disney
Harry Potter
Crossword
Anime
Song
Soccer
Country
The Office
Puzzle
WWE
NFL
Pokémon
Your Account Isn't Verified!
In order to create a playlist on Sporcle, you need to verify the email address you used during registration. Go to your
Sporcle Settings
to finish the process.
Report this User
Report this user for behavior that violates our
Community Guidelines
.
Details:
Send Report
Go to the Sporcle.com Mobile Site →
Comments